1350 1910 1650 1138 1852 1757 1324 1937 1492 1472 1243 1946 1339 1134 1437 1063 1747 1215 1453 1237 1289 1405 1929 1127 1871 1843 1434 1718 1372 1971 1250 1596 1007 1393 1164 1764 1626 1066 1510 1975 1794 1495 1606 1000 1063 1787 1006 1311 1194 1473 1335 1813 1406 1516 1072 1296 1308 1094 1003 1893 1066 1381 1062 1086 1396 1616 1797 1693 1307 1119 1700 1246 1206 1924 1436 1277 1496 1575 1350 1816 1221 1478 1861 1221 1380 1549 1756 1089 1136 1172 1829 1075 1108 1883 1312 1204 1130 1551 1854 BCNSPRNW ULIB Ver.6.0+V

เปลี่ยนเป็นภาษาไทย

Change to English
 แสดงรายละเอียดบรรณานุกรม
  กลับหน้าหลัก

Brief Record : Get Marc (ISO 2709) : E-mail record : QR code < ปิดหน้าต่าง
LEADER : 00000nam 2200000uu 4500
001    13399115128
003     ULIB
008    120711s2549||||th 000 0 tha d
020    ^a9789740318255
020    9740318258
050  4 HA62^bส882ก
100  0 สุวิมล ติรกานันท์
245  1 การใช้สถิติในงานวิจัยทางสังคมศาสตร์ :^bแนวทางสู่การปฏิบัติ /^cสุวิมล ติรกานันท์
250    พิมพ์ครั้งที่ 2 (ปรับปรุงใหม่)
260    กรุงเทพฯ :^bโรงพิมพ์แห่งจุฬาลงกรณ์มหาวิทยาลัย,^c2549
300    ^a384 หน้า :^bภาพประกอบ
504    ^aบรรณานุกรม
505  0 ^aหลักการเบื้องต้นของการใช้สถิติในการวิจัยทางสังคมศาสตร์ -- การแจกแจงความถี่ การเปรียบเทียบและการจัดตำแหน่ง -- การวัดแนวโน้มเข้าสู่ส่วนกลางและการวัดการกระจาย -- การวัดความสัมพันธ์ -- การถดถอยและการถดถอยพหุเบื้องต้น -- การใช้สัมประสิทธิ์สหสัมพันธ์ในการตรวจสอบความเที่ยงและความตรง -- ความเข้าใจเกี่ยวกับการใช้สถิติอนุมาน -- การสุ่มตัวอย่าง -- การประมาณค่า -- การทดสอบนัยสำคัญของสัดส่วนความถี่และความแปรปรวน -- การทดสอบนัยสำคัญของค่าเฉลี่ย -- การทดสอบนัยสำคัญของค่าเฉลี่ยตั้งแต่สองกลุ่มขึ้นไป -- การวิเคราะห์ความแปรปรวนสองทาง -- การวิเคราะห์ความแปรปรวนสองทางในการวิจัยเชิงทดลอง -- การควบคุมตัวแปรแทรกซ้อนด้วยการวิเคราะห์ความแปรปรวน
650  7 ^aสถิติ
945    ^p280^l0^i026279
995    ทศพร
999 ^a ทศพร
รายการนี้ยังไม่มีแท็ก
คุณยังไม่ได้ล็อกอิน คุณสามารถมีกิจกรรมร่วมกับเว็บไซต์ได้ แต่ต้องล็อกอินก่อน ::
  ล็อกอิน

รายการสื่อสารสนเทศ

ลำดับที่ ประเภท เลขเรียก/บาร์โค้ด สถานที่ สถานะ
- ไม่พบข้อมูล -

รายการใกล้เคียง
    ผู้แต่ง [สุวิมล ติรกานันท์]

    หัวเรื่อง [สถิติ]

BibComment


ยังไม่เคยถูกคอมเมนท์

คอมเมนท์ทรัพยากรรายการนี้
  คอมเมนท์: การใช้สถิติในงานว..


 Copyright 2026. Bcnsprnw @Library